000 00746nam a2200229Ia 4500
003 OSt
005 20220923214006.0
006 a|||||r|||| 00| 0
007 ta
008 220922b |||||||| |||| 00| 0 hin d
024 _a166,240
037 _cTextual
040 _aARTS
_cARTS
_bhin
041 _2hin
_ahin
082 _aO152:1J32:21, H1
100 _aतुलसीदास
_9156277
245 0 _aकुण्डलिया रामायण, सत्यानारायण पाण्डेय संपा
246 _aKuṇḍaliyā rāmāyaṇa, satyānārāyaṇ pāṇḍeya sanpā0
260 _c1941
942 _hO152:1J32:21, H1
_cTEXL
_2CC
999 _c320719
_d320719